ការដាំត្រកួន / (Record no. 4421)
[ view plain ]
| 000 -LEADER | |
|---|---|
| fixed length control field | 01584nam a22003257a 4500 |
| 001 - CONTROL NUMBER | |
| control field | 4421 |
| 003 - CONTROL NUMBER IDENTIFIER | |
| control field | FISKH |
| 005 - DATE AND TIME OF LATEST TRANSACTION | |
| control field | 20260327104730.0 |
| 008 - FIXED-LENGTH DATA ELEMENTS--GENERAL INFORMATION | |
| fixed length control field | 240904b cb ||||| |||| 00| 0 eng d |
| 020 ## - INTERNATIONAL STANDARD BOOK NUMBER | |
| International Standard Book Number | 9789995054106 |
| 040 ## - CATALOGING SOURCE | |
| Original cataloging agency | FISKH |
| Transcribing agency | FISKH |
| Modifying agency | FISKH |
| Language of cataloging | Khmer |
| 050 ## - LIBRARY OF CONGRESS CALL NUMBER | |
| Classification number | PZ7 |
| 082 ## - DEWEY DECIMAL CLASSIFICATION NUMBER | |
| Classification number | 580 |
| 100 ## - MAIN ENTRY--PERSONAL NAME | |
| Personal name | Dary, Heng |
| Relator term | នាយិកាសមូហកម្ម |
| 245 ## - TITLE STATEMENT | |
| Title | ការដាំត្រកួន / |
| Statement of responsibility, etc. | ហេង ដារី |
| 250 ## - EDITION STATEMENT | |
| Edition statement | Edtion SIPAR 2009 |
| 260 ## - PUBLICATION, DISTRIBUTION, ETC. | |
| Place of publication, distribution, etc. | Phnom Penh : |
| Name of publisher, distributor, etc. | Sipar ; |
| Date of publication, distribution, etc. | 2009 . |
| 300 ## - PHYSICAL DESCRIPTION | |
| Extent | 44 pages : |
| Other physical details | color illustrations ; |
| Dimensions | 29 cm . |
| 490 ## - SERIES STATEMENT | |
| Series statement | ងាយៗពី ..... |
| 505 ## - FORMATTED CONTENTS NOTE | |
| Formatted contents note | K <br/> |
| 520 ## - SUMMARY, ETC. | |
| Summary, etc. | ងាយៗពីការដាំត្រកួន ជាសៀវភៅទីបីដែលបង្ហាញពីរបៀបរៀបចំរង រហូតដល់ការទុកគ្រាប់ពូជ និងមានវិធីធ្វើម្ហូបសាមញ្ញៗ ដោយយកត្រកួនជាបន្លែ សំរាប់បរិភោគក្នុងគ្រួសារ ។ |
| 520 ## - SUMMARY, ETC. | |
| Summary, etc. | Easy to grow morning glory is the third book that shows how to prepare up to the storage of seeds and simple cooking methods using radish as a vegetable for family consumption. |
| 521 8# - TARGET AUDIENCE NOTE | |
| Target audience note | 510 <br/> |
| Source | Lexile estimate <br/> |
| 521 8# - TARGET AUDIENCE NOTE | |
| Target audience note | K <br/> |
| Source | Raz-Plus <br/> |
| 650 ## - SUBJECT ADDED ENTRY--TOPICAL TERM | |
| Topical term or geographic name entry element | ត្រកួន |
| Form subdivision | គ្រាប់ពូជ |
| 650 ## - SUBJECT ADDED ENTRY--TOPICAL TERM | |
| Topical term or geographic name entry element | morning glory |
| Form subdivision | seed |
| 700 ## - ADDED ENTRY--PERSONAL NAME | |
| Personal name | សុផាលាភ ញឹក |
| Relator term | illustrator |
| 942 ## - ADDED ENTRY ELEMENTS (KOHA) | |
| Source of classification or shelving scheme | Dewey Decimal Classification |
| Koha item type | Khmer Books |
| Suppress in OPAC | No |
| Withdrawn status | Lost status | Source of classification or shelving scheme | Damaged status | Not for loan | Collection | Home library | Current library | Shelving location | Date acquired | Total Checkouts | Full call number | Barcode | Date last seen | Price effective from | Koha item type |
|---|---|---|---|---|---|---|---|---|---|---|---|---|---|---|---|
| Dewey Decimal Classification | Khmer Non-Fiction / សៀវភៅខ្មែរ រឿងពិត | Footprints International School Library Network Toul Kork Campus | Footprints International School Library Network Toul Kork Campus | 09/04/2024 | DAR PZ7 580 | FIS05250 | 09/04/2024 | 09/04/2024 | Khmer Books |
